000 00460nam a2200181Ia 4500
001 11243
005 20260306161932.0
008 260306t2015||||xx |||||||||||||| ||spa||
041 _aESP
082 _a985.019
_bZ946
100 _aZiolkowski, Mariusz
_eAUT
245 0 _aPachap vnancha:
_bel calendario metropolitano del estado inca
260 _c2015
300 _a650 páginas :
_c20 cm.
650 _aGEN
654 _aCHU
942 _cLIB
_dJUS
_fJUS
_2ddc
_n
999 _c11243
_d11243